Four-season harvest : organic vegetables from your home garden all year around
Saved in:
| Main Author: | |
|---|---|
| Other Authors: | , |
| Format: | Book |
| Language: | English |
| Published: |
White River Junction, Vt. :
Chelsea Green Pub.,
c1999
|
| Edition: | Rev. and expanded ed. |
| Subjects: | |
| Tags: |
Add Tag
No Tags, Be the first to tag this record!
|
MARC
| LEADER | 00000nam a2200000 i 4500 | ||
|---|---|---|---|
| 001 | 1/87186 | ||
| 008 | 080530s1999 eng d | ||
| 020 | |a 1-890132-27-6 | ||
| 035 | |l 10097820 | ||
| 040 | |a GR-MY-UA |b gre |e aacr | ||
| 041 | 0 | |a eng | |
| 082 | 0 | |a 635.0484 |2 (22) | |
| 100 | 1 | |a Coleman, Eliot |d 1938- | |
| 245 | 1 | 0 | |a Four-season harvest : |b organic vegetables from your home garden all year around / |c Eliot Coleman ; illustrations by Kathy Bray ; and photographs by Barbara Damrosch |
| 250 | |a Rev. and expanded ed. | ||
| 260 | |a White River Junction, Vt. : |b Chelsea Green Pub., |c c1999 | ||
| 300 | |a xviii, 234 σ.; |b εικ. (μερ. έγχρ.), χάρτες; |c 26 εκ. | ||
| 504 | |a Βιβλιογραφία: σ. 224-227 | ||
| 504 | |a Ευρετήριο: σ. 228-234 | ||
| 650 | 0 | 0 | |a Vegetable gardening. |
| 650 | 0 | 0 | |a Organic gardening. |
| 700 | 1 | |a Bray, Kathy. |4 ill | |
| 700 | 1 | |a Damrosch, Barbara. |4 pht | |
| 852 | |a INST |b LESVOS |e 20080530 |h 635.0484 COL |p 005100041578 |q 005100041578 |t BK |y 0 | ||
| 901 | |a BIBL1-2008-2 | ||
| 909 | |a Λ |b 151198 | ||
| 922 | |a 1ΕΛΗ |b 200803 |c ΕΠΕΑΕΚ2/ΤΠ |d ΠΑΠΑΣΩΤΗΡΙΟΥ | ||
| 970 | |a ΚΑΡΑ |b ΓΙΑΣΕΜΗ |z 2008/05/30 | ||